00716nam a22001937a 450000500170000001000150001702000260003203500130005803700130007108200110008410000130009524501400010826000340024827000420028230000200032494200250034499900170036995201360038620140611150252.0 aENG-110131 a9788184302394c300.00 aEN-93663 bDBAD/PUB a181.46 aNivedita aThe master as I saw him :cby Niveditabpages from the life of Swami Vivekananda by his disciple, Nivedita of the Ramakrishna Mission / aNew DelhibOcean Books c2013 a4/19 Asaf Ali RoadbNew Delhie110002 a240p.c22cm(Hb) 2ddccENmNIVe181.46 c84826d84826 001040718NFICaDBADbDBADd2014-06-05eDBAD/PUBg300.00l0o181.46 NIVpEN-93663r2014-06-05 00:00:00t1v300.00w2014-06-05yEN